Statistics for Mayors of San Antonio by Picture

Click here to take the quiz!

General Stats

  • This quiz has been taken 3 times
  • The average score is 4 of 7

Answer Stats

Answer% Correct
Ron Nirenberg
100%
Julián Castro
100%
Henry G. Cisneros
67%
Ivy Taylor
67%
Samuel Maverick
33%
Maury Maverick
33%
Jose Miguel de Arciniega
0%

Score Distribution

Percentile by Number Answered

Percent of People with Each Score

Your Score History

You have not taken this quiz